000 00768cab a2200253 4500
001 ABS52620
008 090401t1995 xxu||||| |||| 00| 0 eng d
035 _a(Sirsi) u86827
041 _aeng
100 _aBayram, P.
245 _aFairness, predictability and the uniform business rate
260 _c1995
350 _a0
490 _aProperty Week
_v50(9) 2 March 1995, 31(1)
520 _aAssesses the fairness of the UBR, maintaining that transitional arrangements are not compatible with a fair revaluation.
650 _aBUSINESS RATES
650 _aPHASING
650 _aRATING REVALUATION 1995
650 _aTRANSITIONAL ARRANGEMENTS
650 _aUNIFORM BUSINESS RATE
690 _aRATING AND VALUATION
942 _n0
948 _c04/03/1997
999 _c54671
_d54671